00902 2200289 4500001002100000005001500021007000300036008004100039020002200080035002000102082001400122084002000136100003400156245014500190250000600335260003900341300003100380650002600411700003500437700003800472990001700510990001700527990001700544990001700561990001700578990001700595INLIS00000000000122220260429085432ta260429 j 0 ind  a978602-933354-6-5 a0010-1023000042 a364.132.3 a364.132.3 KRI p0 aKristanto, S.Pd ( Pengarang )1 aPendidikan Anti Korupsi Kls 5 :bpendidikan karakter anak /cKristanto, S.Pd ; editor. Romadhoni Qori Pratama ; ilustrator, Ikhwan Yulianda a- aMedan :bCV Maalikal Mulk Baru,c- a108 :bilus. ;c27.5 cme- 4aPendidila Antikorupsi0 aIkhwan Yulianda ( Ilustrator )0 aRomadhoni Qori Pratama ( Editor ) a00020/R/2023 a00021/R/2023 a00022/R/2023 a00024/R/2023 a00025/R/2023 a00026/R/2023